000 00610nam a22001937a 4500
999 _c188022
_d188022
005 20220506174336.0
010 _aENG-132550
020 _a9788173719271
_c650.00
035 _aEN-116082
037 _bDBAD/PUB
082 _a660.2965
100 _aBose, S K
245 _aPrinciples of Metallurgical Thermodynamics/
_cS K Bose and S K Roy
260 _aHyderabad
_bUniversities Press Private Limited
_c2014
270 _a3-6-747/1/A, Himayatnagar
_bHyderabad
_e500029
_minfo@universitiespress.com
300 _a666p.
_c24cm(pbk)
700 _aRoy, S K
942 _2ddc
_cEN
_h660.2965
_mBOS